| 000 | 00977nam a22002297a 4500 | ||
|---|---|---|---|
| 001 | 118181 | ||
| 003 | UA-OsUOA | ||
| 005 | 20220511143126.0 | ||
| 007 | ta | ||
| 008 | 20160722b un ||||| |||| 00| 0 ukr d | ||
| 040 |
_aUA-OsUOA _bukr _cUA-OsUOA _dUA-OsUOA |
||
| 041 | _aukr | ||
| 080 | _a929:902 | ||
| 090 |
_a929:902 _bШ70 |
||
| 245 |
_aШляхи розвитку культури чехів України: життя та діяльність визначного українського археолога чеського походження Вікентія Хвойки _bІІ чесько-українська науково-практична конференція: матеріали конференції _cЛ. Ф. Мухіна |
||
| 260 |
_aК. _bНАУ _c2014 |
||
| 300 | _a100 с. | ||
| 650 | 7 |
_a9 Географія. Біографії. Історія _2UDC |
|
| 942 |
_cBK _2udc |
||
| 955 | _a1 | ||
| 999 |
_c404233 _d404233 |
||